Pays les plus proches de Nigéria - une minute sprint - Statistiques

Statistiques générales
  • Ce quiz a été pris 73 fois
  • Le résultat moyen est 15 sur 20
Statistiques - réponses
km pays % Correct
0 Niger
100%
101 Togo
93%
0 Bénin
92%
0 Tchad
90%
214 Mali
86%
316 République Centrafricaine
85%
0 Cameroun
83%
599 Congo
83%
805 Rép dém du Congo
83%
169 Ghana
81%
572 Côte d'Ivoire
78%
1043 Mauritanie
73%
600 Algérie
71%
129 Burkina Faso
71%
418 Gabon
68%
779 Soudan
61%
95 Guinée équatoriale
59%
1084 Libye
56%
299 Sao Tomé-et-Principe
44%
1110 Angola
34%
Aucun quiz correspondant
Distribution des résultats
% des personnes avec chaque résultat
Percentile par nombre de réponses
Votre historique - résultats
Vous n’avez pas pris ce quiz